Gene cloning and DNA analysis : an introduction /

"The main development in DNA technology since publication of the Seventh Edition of Gene Cloning has been the increased use of gene editing as a tool in both research and biotechnology. The basic methodology for CRISPR editing is now described in Chapter 12 and the applications of the method ar...

Volledige beschrijving

Bibliografische gegevens
Hoofdauteur: Brown, T. A. (Terence A.) (Auteur)
Formaat: Boek
Taal:English
Gepubliceerd in: Hoboken, NJ : Wiley-Blackwell, 2021.
Editie:Eighth edition.
Onderwerpen:
Classic Catalogue: View this record in Classic Catalogue
LEADER 06398nam a22005178i 4500
001 44451
003 BD-DhAAL
005 20250721155119.0
008 250616t2021 njuab b 001 0 eng
010 |a  2020029236 
020 |a 9781119640783 
020 |a 9781119640752 
020 |a 9781119640677 
040 |a DNLM/DLC  |b eng  |e rda  |c DLC  |d BD-DhAAL 
042 |a pcc 
050 0 0 |a QH442.2 
082 0 0 |a 572.8633  |2 23 
100 1 |a Brown, T. A.  |q (Terence A.),  |e author. 
245 1 0 |a Gene cloning and DNA analysis :  |b an introduction /  |c Terry A. Brown. 
250 |a Eighth edition. 
260 |a Hoboken, NJ :  |b Wiley-Blackwell,  |c 2021. 
300 |a  xv, 416 pages :  |b illustrations (chiefly color), color maps ;  |c 25 cm. 
504 |a Includes bibliographical references and index. 
505 0 |a Why gene cloning and DNA analysis are important -- Vectors for gene cloning : plasmids and bacteriophages -- Purification of DNA from living cells -- Manipulation of purified DNA -- Introduction of DNA into living cells -- Cloning vectors for Escherichia coli -- Cloning vectors for eukaryotes -- How to obtain a clone of a specific gene -- The polymerase chain reaction -- Sequencing genes and genomes -- Studying gene expression and function -- Studying genomes -- Studying transcriptomes and proteomes -- Production of protein from cloned genes -- Gene cloning and DNA analysis in medicine -- Gene cloning and DNA analysis in agriculture -- Gene cloning and DNA analysis in forensic science and archaeology. 
520 |a "The main development in DNA technology since publication of the Seventh Edition of Gene Cloning has been the increased use of gene editing as a tool in both research and biotechnology. The basic methodology for CRISPR editing is now described in Chapter 12 and the applications of the method are explored, in the context of plant genetic engineering, in Chapter 16. Elsewhere, the continuing evolution of next-generation DNA sequencing is reflected by a reorganization of this part of Chapter 10, and to deal with the further proliferation of methods for studying transcriptomes and proteomes (albeit not strictly DNA Analysis) I have created a new chapter devoted to these methods. Other additions include new sections on melt curve analysis of real-time PCR products and genetic typing of human disease mutations"-- 
526 |a MNS  |x Dr. Nadia Sultana Deen Associate Professor Department of Mathematics and Natural Sciences Course name and No.: Microbial Genetic Engineering (MIC 401) 
541 |a Karim International  |e 44451, 44452, 44453, 44454, 44455, 44456, 44457, 44458, 44459, 44501 
650 1 2 |a Cloning, Molecular. 
650 2 2 |a Sequence Analysis, DNA. 
650 2 2 |a DNA, Recombinant  |x Analysis. 
650 2 2 |a DNA  |x Analysis. 
650 2 2 |a Nucleotide sequence. 
650 2 2 |a Molecular cloning. 
852 |a Ayesha Abed Library  |c General Stacks 
942 |2 ddc  |c BK 
999 |c 47306  |d 47306 
952 |0 0  |1 0  |2 ddc  |4 0  |6 572_863300000000000_BRO  |7 0  |9 77864  |a BRACUL  |b BRACUL  |c GEN  |d 2025-07-21  |e Karim International  |g 7290.00  |l 2  |m 28  |o 572.8633 BRO  |p 3010044455  |r 2026-05-04  |s 2026-04-16  |t 5  |v 7290.00  |w 2025-07-21  |y BK  |x Requisitioned by Dr. Nadia Sultana Deen, Associate Professor, for the course named “Microbial Genetic Engineering (MIC 401)” 
952 |0 0  |1 0  |2 ddc  |4 0  |6 572_863300000000000_BRO  |7 0  |9 77865  |a BRACUL  |b BRACUL  |c GEN  |d 2025-07-21  |e Karim International  |g 7290.00  |l 3  |m 12  |o 572.8633 BRO  |p 3010044458  |r 2026-05-21  |s 2026-04-19  |t 8  |v 7290.00  |w 2025-07-21  |y BK  |x Requisitioned by Dr. Nadia Sultana Deen, Associate Professor, for the course named “Microbial Genetic Engineering (MIC 401)” 
952 |0 0  |1 0  |2 ddc  |4 0  |6 572_863300000000000_BRO  |7 0  |9 77866  |a BRACUL  |b BRACUL  |c GEN  |d 2025-07-21  |e Karim International  |g 7290.00  |l 3  |m 24  |o 572.8633 BRO  |p 3010044452  |q 2026-05-17  |r 2026-04-08  |s 2026-04-08  |t 2  |v 7290.00  |w 2025-07-21  |y BK  |x Requisitioned by Dr. Nadia Sultana Deen, Associate Professor, for the course named “Microbial Genetic Engineering (MIC 401)” 
952 |0 0  |1 0  |2 ddc  |4 0  |6 572_863300000000000_BRO  |7 0  |9 77867  |a BRACUL  |b BRACUL  |c GEN  |d 2025-07-21  |e Karim International  |g 7290.00  |l 3  |m 37  |o 572.8633 BRO  |p 3010044454  |q 2026-05-04  |r 2026-02-25  |s 2026-02-25  |t 4  |v 7290.00  |w 2025-07-21  |y BK  |x Requisitioned by Dr. Nadia Sultana Deen, Associate Professor, for the course named “Microbial Genetic Engineering (MIC 401)” 
952 |0 0  |1 0  |2 ddc  |4 0  |6 572_863300000000000_BRO  |7 0  |9 77868  |a BRACUL  |b BRACUL  |c GEN  |d 2025-07-21  |e Karim International  |g 7290.00  |l 1  |m 22  |o 572.8633 BRO  |p 3010044456  |r 2025-12-03  |s 2025-07-23  |t 6  |v 7290.00  |w 2025-07-21  |y BK  |x Requisitioned by Dr. Nadia Sultana Deen, Associate Professor, for the course named “Microbial Genetic Engineering (MIC 401)” 
952 |0 0  |1 0  |2 ddc  |4 0  |6 572_863300000000000_BRO  |7 0  |9 77869  |a BRACUL  |b BRACUL  |c GEN  |d 2025-07-21  |e Karim International  |g 7290.00  |l 2  |m 24  |o 572.8633 BRO  |p 3010044453  |r 2026-02-25  |s 2025-10-25  |t 3  |v 7290.00  |w 2025-07-21  |y BK  |x Requisitioned by Dr. Nadia Sultana Deen, Associate Professor, for the course named “Microbial Genetic Engineering (MIC 401)” 
952 |0 0  |1 0  |2 ddc  |4 0  |6 572_863300000000000_BRO  |7 0  |9 77870  |a BRACUL  |b BRACUL  |c GEN  |d 2025-07-21  |e Karim International  |g 7290.00  |l 2  |m 23  |o 572.8633 BRO  |p 3010044451  |q 2026-05-19  |r 2026-02-25  |s 2026-02-25  |t 1  |v 7290.00  |w 2025-07-21  |y BK  |x Requisitioned by Dr. Nadia Sultana Deen, Associate Professor, for the course named “Microbial Genetic Engineering (MIC 401)” 
952 |0 0  |1 0  |2 ddc  |4 0  |6 572_863300000000000_BRO  |7 0  |9 77871  |a BRACUL  |b BRACUL  |c GEN  |d 2025-07-21  |e Karim International  |g 7290.00  |l 2  |m 34  |o 572.8633 BRO  |p 3010044457  |q 2026-06-02  |r 2025-10-20  |s 2025-10-20  |t 7  |v 7290.00  |w 2025-07-21  |y BK  |x Requisitioned by Dr. Nadia Sultana Deen, Associate Professor, for the course named “Microbial Genetic Engineering (MIC 401)” 
952 |0 0  |1 0  |2 ddc  |4 0  |6 572_863300000000000_BRO  |7 0  |9 77872  |a BRACUL  |b BRACUL  |c GEN  |d 2025-07-21  |e Karim International  |g 7290.00  |l 3  |m 3  |o 572.8633 BRO  |p 3010044459  |r 2025-11-25  |s 2025-11-10  |t 9  |v 7290.00  |w 2025-07-21  |y BK  |x Requisitioned by Dr. Nadia Sultana Deen, Associate Professor, for the course named “Microbial Genetic Engineering (MIC 401)” 
952 |0 0  |1 0  |2 ddc  |4 0  |6 572_863300000000000_BRO  |7 0  |9 77874  |a BRACUL  |b BRACUL  |c NEW  |d 2025-07-21  |e Karim International  |g 7290.00  |l 2  |m 24  |o 572.8633 BRO  |p 3010044501  |r 2026-04-27  |s 2025-10-22  |t 10  |v 7290.00  |w 2025-07-21  |y BK  |x Requisitioned by Dr. Nadia Sultana Deen, Associate Professor, for the course named “Microbial Genetic Engineering (MIC 401)”